[Event "Moscow-A"]
[Site "Moscow"]
[Date "1987.??.??"]
[Round "?"]
[White "Petursson, Margeir"]
[Black "Lerner, Konstantin Z"]
[Result "0-1"]
[WhiteElo "2535"]
[BlackElo "2555"]

1.d4 Nf6 2.c4 e6 3.Nf3 b6 4.g3 Ba6 5.b3 Bb7 6.Bg2 Bb4+ 7.Bd2 a5 8.O-O O-O
9.Nc3 d6 10.Qc2 Nbd7 11.Rfe1 Bxc3 12.Bxc3 Be4 13.Qb2 Qb8 14.Bh3 b5 15.d5 e5
16.Nd2 Bg6 17.cxb5 Qxb5 18.e4 Nc5 19.Bf1 Qb6 20.Nc4 Qa7 21.Nxa5 Bxe4 22.Nc6 Qb6
23.Bc4 Nd3 24.Qd2 Nxe1 25.Rxe1 Rfe8 26.a4 Qb7 27.Qd1 Bf5 28.f3 Bd7 29.Nb4 c6
30.dxc6 Bxc6 31.Nxc6 Qxc6 32.Qd3 Rec8 33.Bd2 d5 34.Bb5 Qc5+ 35.Qe3 Qxe3+
36.Rxe3 Rc2 37.Be1 e4 38.Bc3 d4 39.Bxd4 Rd8 40.Bxf6 Rd1+ 41.Bf1 Rcc1 42.Kg2 Rxf1
43.Bd4 exf3+ 44.Rxf3 Rxf3 45.Kxf3 Rb1 46.Ke4 Rxb3 47.Bc5 Rb2 48.a5 Rb5 49.Bb6 Kf8
50.Kd4 Ke8 51.Kc4 Rb2 52.Bd4 Rxh2 53.Bxg7 Rh5 54.Bc3 Kd7 55.Kd3 Rg5 56.Be1 Re5
57.Bc3 Re6 58.Bd4 Kc7 59.Be3 Kb7 60.Bd2 Ka6 61.Bc3 Kb5 62.Kd4 h5 63.Bd2 f5
64.Kd3 Re4 65.Bc3 Ka6 66.Bd2 Rg4 67.Be1 f4 68.gxf4 h4  0-1

[Event "Moscow-A"]
[Site "Moscow"]
[Date "1987.??.??"]
[Round "?"]
[White "Petursson, Margeir"]
[Black "Dolmatov, Sergey"]
[Result "1/2-1/2"]
[WhiteElo "2535"]
[BlackElo "2515"]

1.d4 Nf6 2.c4 e6 3.Nf3 b6 4.g3 Ba6 5.b3 Bb4+ 6.Bd2 Be7 7.Bg2 c6 8.Bc3 d5
9.Ne5 Ne4 10.O-O Nxc3 11.Nxc3 O-O 12.e4 dxc4 13.Nxc4 Bb4 14.Ne2 Bb7 15.e5 Nd7
16.a3 Be7 17.Nc3 b5 18.Ne3 Qb6 19.b4 Rfd8 20.Qg4 Nf8 21.Nc2 a5 22.Ne4 Bc8
23.Nc5 Bd7 24.Qe4 Be8 25.Ne3 f5 26.exf6 Bxf6 27.Rad1 axb4 28.axb4 Bh5 29.Rd2 Rd6
30.Ng4 Bxg4 31.Qxg4 Kh8 32.Rfd1 Rad8 33.h4 Qa7 34.Qf4 Bxd4 35.Ne4 R6d7 36.Kh2 e5
37.Qg4 h6 38.Qh5 Kg8 39.Qg4 Kh8 40.Qh5 Kg8 41.Qg4  1/2-1/2

[Event "Moscow TV"]
[Site "Moscow"]
[Date "1987.??.??"]
[Round "?"]
[White "Jussupow, Artur"]
[Black "Polugaevsky, Lev"]
[Result "1/2-1/2"]
[WhiteElo "2645"]
[BlackElo "2585"]

1.d4 Nf6 2.c4 e6 3.Nf3 b6 4.g3 Ba6 5.b3 Bb7 6.Bg2 Bb4+ 7.Bd2 a5 8.O-O O-O
9.Bf4 d5 10.Ne5 a4 11.bxa4 Nc6 12.a3 Ba5 13.Ra2 Nxe5 14.Bxe5 Ne4 15.Rc2 c5
16.dxc5 Nxc5 17.cxd5 Bxd5 18.Bxd5 exd5 19.Nc3 Re8 20.Bd4 Bxc3 21.Bxc3 Rxa4
22.Bb4 Ne4 23.Qd4 Nf6 24.Rfc1 h5 25.Rc7 Ra8 26.Qxb6 Re7 27.Qb7 Rb8 28.Qa6 Re8
29.Qa7 Ra8 30.Qb7 Rb8  1/2-1/2

[Event "Moscow TV"]
[Site "Moscow"]
[Date "1987.??.??"]
[Round "?"]
[White "Tukmakov, Vladimir B"]
[Black "Chernin, Alexander"]
[Result "0-1"]
[WhiteElo "2575"]
[BlackElo "2570"]

1.d4 Nf6 2.c4 e6 3.Nf3 b6 4.g3 Ba6 5.b3 Bb4+ 6.Bd2 Be7 7.Nc3 O-O 8.Bg2 c6
9.e4 d5 10.Qe2 b5 11.exd5 exd5 12.cxd5 cxd5 13.Nxb5 Ba3 14.Bf1 Re8 15.Ne5 Bb2
16.Rd1 Bxd4 17.f4 Nfd7 18.Nxd4 Nxe5 19.fxe5 Bxe2 20.Bxe2 Rxe5  0-1

[Event "Moscow-A"]
[Site "Moscow"]
[Date "1987.??.??"]
[Round "?"]
[White "Razuvaev, Yuri S"]
[Black "Hjartarson, Johann"]
[Result "1/2-1/2"]
[WhiteElo "2510"]
[BlackElo "2545"]

1.d4 Nf6 2.c4 e6 3.Nf3 b6 4.g3 Ba6 5.Nbd2 d5 6.Bg2 Be7 7.O-O O-O 8.cxd5 exd5
9.Ne5 c5 10.Ndf3 Ne4 11.Be3 Bb7 12.dxc5 bxc5 13.Qb3 Qb6 14.Nd2 Nxd2 15.Bxd2 Bf6
16.Ng4 Bxb2 17.Rab1 Qxb3 18.axb3 Ba3 19.Ra1 Bb4 20.Bxb4 cxb4 21.Ne3 Nc6 22.Bxd5 Rfb8
23.Rfd1 Nd8 24.Bc4 a5 25.Nd5 Ba6 26.Ne3 Bb7 27.f4 Kf8 28.Kf2 Bc6 29.Bd5 a4
30.Bxc6 Nxc6 31.Rxa4 Rxa4 32.bxa4 b3 33.Rb1 Na5 34.Nd1  1/2-1/2

[Event "Namestovo"]
[Site "Namestovo"]
[Date "1987.??.??"]
[Round "15"]
[White "Pekarek, Ales"]
[Black "Lechtynsky, Jiri"]
[Result "1-0"]
[WhiteElo "2425"]
[BlackElo "2455"]

1.d4 Nf6 2.c4 e6 3.Nf3 b6 4.g3 Ba6 5.Nbd2 Bb4 6.Qc2 Bb7 7.Bg2 c5 8.O-O cxd4
9.Nxd4 Bxg2 10.Kxg2 O-O 11.N2f3 Be7 12.Rd1 a6 13.Bg5 Qc7 14.Rd2 d6 15.Bxf6 Bxf6
16.Rad1 Nd7 17.Nc6 Nc5 18.Rxd6 Nb7 19.Ne7+ Qxe7 20.Rd7 Qc5 21.Rxb7 b5 22.b3 Rac8
23.e4 bxc4 24.Qxc4 Qxc4 25.bxc4 Rxc4 26.e5 Bd8 27.Rdd7 Rc5 28.h4 Rc2 29.a4 h6
30.Rd6 Bc7 31.Rxa6 Rc5 32.Rb5 Rxb5 33.axb5 Rb8 34.Ra7 Bb6 35.Ra2 Bc5 36.Rb2 Kf8
37.Rb3 Ke7 38.Nd2 Bd4 39.f4 Rc8 40.Kf3 Bb6 41.Ne4 f5 42.Nd6 Rc1 43.g4 g6
44.h5 Kf8 45.hxg6 Rf1+ 46.Kg2 Rg1+ 47.Kh2 fxg4 48.Rg3 Rxg3 49.Kxg3 h5 50.Nc8 Ba5
51.b6 Be1+ 52.Kg2 Ba5 53.b7 Bc7 54.Kg3 Kg7 55.Ne7 Kh6 56.Nc6 Kxg6 57.Nb4 Bb8
58.Nc6 Bc7 59.Nd4 Kf7 60.Kh4 Bb8 61.Ne2 Kg6 62.Ng3  1-0

[Event "New York op"]
[Site "New York"]
[Date "1987.??.??"]
[Round "?"]
[White "Smyslov, Vassily"]
[Black "Portisch, Lajos"]
[Result "1/2-1/2"]
[WhiteElo "2550"]
[BlackElo "2610"]

1.d4 Nf6 2.Nf3 e6 3.c4 b6 4.g3 Ba6 5.b3 Bb4+ 6.Bd2 Be7 7.Bg2 c6 8.Bc3 d5
9.Nbd2 Nbd7 10.O-O O-O 11.Ne5 Rc8 12.Nxd7 Qxd7 13.e4 Nxe4 14.Nxe4 dxe4 15.Bxe4 b5
16.Qe2 bxc4 17.Rfd1 Bf6 18.bxc4 Qe7  1/2-1/2

[Event "New York op"]
[Site "New York"]
[Date "1987.??.??"]
[Round "?"]
[White "Dlugy, Maxim"]
[Black "Sax, Gyula"]
[Result "1-0"]
[WhiteElo "2520"]
[BlackElo "2570"]

1.d4 Nf6 2.c4 e6 3.Nf3 b6 4.g3 Ba6 5.Qa4 Bb7 6.Bg2 c5 7.dxc5 Bxc5 8.O-O O-O
9.Nc3 Be7 10.Bf4 Na6 11.Rad1 Nc5 12.Qc2 Qc8 13.Nb5 Nce4 14.Nfd4 a6 15.Nc7 Ra7
16.f3 Bd6 17.Bxd6 Nxd6 18.c5 Qxc7 19.cxd6 Qxc2 20.Nxc2 Rc8 21.Rd2 Raa8 22.e4 Rc5
23.Ne3 Rac8 24.Rfd1 g6 25.Rd4 Ne8 26.Kf2 e5 27.R4d3 a5 28.Bh3 Nf6 29.R1d2 Kf8
30.Nd1 Bxe4 31.fxe4 Nxe4+ 32.Ke3 Nxd2 33.Rxd2 Rc2 34.Rxc2 Rxc2 35.Bxd7 Rxh2
36.Nc3 f5 37.Nd5 Rc2 38.Bxf5 Rc6 39.d7 Rd6 40.Be6 e4 41.Nxb6 h5 42.Nc4 Rd1
43.Nxa5  1-0

[Event "New York op"]
[Site "New York"]
[Date "1987.??.??"]
[Round "?"]
[White "Burger, Karl"]
[Black "Dimitrijevic, Darko"]
[Result "1-0"]
[WhiteElo "2310"]
[BlackElo "2325"]

1.Nf3 e6 2.c4 Nf6 3.d4 b6 4.g3 Ba6 5.b3 d5 6.Bg2 dxc4 7.Ne5 Bb4+ 8.Kf1 c6
9.bxc4 O-O 10.Bb2 Bb7 11.Nd3 Be7 12.Nd2 Nbd7 13.Bf3 Qc7 14.e4 Rad8 15.Kg2 c5
16.e5 Ng4 17.h3 Ndxe5 18.hxg4 Nxf3 19.Nxf3 cxd4 20.Qe2 Qxc4 21.Rac1 Qd5 22.Rc7 Bd6
23.Rxb7 Qxb7 24.Bxd4 Rfe8 25.Qe3 Qd5 26.Bxg7 Kxg7 27.Rh5 Bf4 28.Nxf4 Qc6
29.Nh3 e5 30.Rg5+ Kf8 31.Rxe5 Rxe5 32.Qxe5 Qd5 33.Qh8+ Ke7 34.Qxh7 Qxa2 35.Nf4 Qc4
36.Qf5 Rd6 37.Qe5+ Kd7 38.Qf5+ Ke7 39.Ne5 Rf6 40.Qd7+ Kf8 41.Nxc4  1-0

[Event "Pancevo"]
[Site "Pancevo"]
[Date "1987.??.??"]
[Round "?"]
[White "Orlov, Pavle"]
[Black "Rodriguez, Amador"]
[Result "1/2-1/2"]
[WhiteElo "2405"]
[BlackElo "2515"]

1.d4 Nf6 2.Nf3 e6 3.c4 b6 4.g3 Ba6 5.Qa4 c5 6.Bg2 Bb7 7.O-O cxd4 8.Nxd4 Bxg2
9.Kxg2 Qc7 10.f3 a6 11.Rd1 Be7 12.Nb5 Qc5 13.Bf4 O-O 14.Bd6 Bxd6 15.Nxd6 b5
16.Nxb5 d5 17.N5a3 Nc6 18.Nd2 Rfc8 19.cxd5 Nxd5 20.Ndc4 Rab8 21.Rac1 Rb4
22.Qxa6 Rcb8 23.Nd2 Ne3+ 24.Kh1 Qf8 25.Qxc6 Nxd1 26.Rxd1 Rxb2 27.Nac4 Rxa2
28.Qe4 Rd8 29.Qb1 Ra4 30.Qc2 Rb4 31.Rb1 h6 32.Kg2 Rxb1 33.Qxb1 Qc5 34.Qb2 h5
35.h4 Qd5 36.Qc3 Rc8 37.Kf2 Rd8 38.Qe3 Qf5 39.Qg5 Qxg5 40.hxg5 Kh7 41.Ne4 Rd5
42.Ne3 Re5 43.Ng2 Ra5 44.Nf4 g6 45.Nd3 Kg7 46.Nb2 Kf8 47.Nc4 Rd5 48.Ke3 Ke7
49.f4 Rb5 50.Kf3 Rb3+ 51.e3 Rb4 52.Ne5 Ra4 53.Nf6 Ra8 54.Kg2 Ra2+ 55.Kh3 Ra8
56.e4 Kf8 57.Nc4 Ra4 58.Nb6 Ra6 59.e5 Kg7 60.Nc4 Kf8 61.Ne4 Ra4 62.Ned2 Ra2
63.g4 hxg4+ 64.Kxg4 Ra4 65.Nd6 Ra3  1/2-1/2

[Event "Porabka"]
[Site "Porabka"]
[Date "1987.??.??"]
[Round "2"]
[White "Dejkalo, Stefan"]
[Black "Riemersma, Liafbern"]
[Result "1/2-1/2"]
[WhiteElo "2395"]
[BlackElo "2395"]

1.d4 Nf6 2.c4 e6 3.Nf3 b6 4.g3 Ba6 5.Nbd2 Bb7 6.Bg2 c5 7.O-O cxd4 8.Nxd4 Bxg2
9.Kxg2 Nc6 10.N2f3 Nxd4 11.Qxd4 Bc5 12.Qd3 d5 13.Bg5 O-O 14.Rab1 dxc4 15.Qxc4 Be7
16.Rfd1 Rc8 17.Qa6 Nd5 18.e4 Bxg5 19.exd5 exd5 20.Qxa7 Bf6 21.Qb7 Rc2 22.Rxd5 Qa8
23.Qxa8  1/2-1/2

[Event "Poznan"]
[Site "Poznan"]
[Date "1987.??.??"]
[Round "?"]
[White "Nowak, Ignacy"]
[Black "Novikov, Igor A"]
[Result "1/2-1/2"]
[WhiteElo "2400"]
[BlackElo "2455"]

1.d4 Nf6 2.c4 e6 3.Nf3 b6 4.g3 Ba6 5.b3 Bb4+ 6.Bd2 Be7 7.Nc3 O-O 8.e4 d5
9.cxd5 Bxf1 10.Kxf1 exd5 11.e5 Ne8 12.Bc1 c6 13.Bb2 Nc7 14.Qd3 Qd7 15.Kg2 c5
16.Rhd1 Rd8 17.Rac1 Nc6 18.Qb1 cxd4 19.Ne2 Ne6 20.Nexd4 Ncxd4 21.Bxd4 Nf4+
22.gxf4 Qg4+ 23.Kf1 Qxf3 24.Rc7 Re8 25.Qd3 Qxf4 26.Qg3 Qh6 27.Rdc1 Bc5 28.Bb2 a5
29.a3 Qg6 30.Qxg6 hxg6 31.h4 Rad8 32.Rd1 Re7 33.Rc6 Re6 34.Rc7 d4 35.b4 axb4
36.axb4 Bxb4 37.Rxd4 Rxd4 38.Bxd4 Be7 39.Kg2 Bxh4 40.Rb7 Kf8 41.Rxb6 Rxb6
42.Bxb6 Ke7 43.Kf3 Ke6 44.Ke4 g5 45.f3 Be1 46.Bd4 Bd2 47.Bb2 Bf4 48.Bd4 f5+
49.exf6 gxf6 50.Bb6 Bc1 51.Bd8 f5+ 52.Kd3 Ke5 53.Bc7+ Kf6 54.Bd8+ Kg6 55.Ke2 Bb2
56.Be7 Bf6 57.Bd6 Kh5 58.Kf1 Bd4 59.Bc7 Be3 60.Bd6 Kg6 61.Ke2 Bc1 62.Bc7 Kf6
63.Kd3 Ke6 64.Bb6 Bb2 65.Bd8  1/2-1/2

[Event "Poznan"]
[Site "Poznan"]
[Date "1987.??.??"]
[Round "?"]
[White "Ostrowski, Leszek"]
[Black "Stempin, Pawel"]
[Result "1/2-1/2"]
[WhiteElo "2385"]
[BlackElo "2400"]

1.d4 Nf6 2.c4 e6 3.Nf3 b6 4.g3 Ba6 5.Qb3 Bb7 6.Bg2 Qc8 7.O-O c5 8.dxc5 Bxc5
9.Bg5 Ne4 10.Bf4 O-O 11.Nbd2 Nxd2 12.Nxd2 Bxg2 13.Kxg2 Nc6 14.Rad1 e5 15.Be3 f5
16.Qd3 d6 17.Bxc5 dxc5 18.Qd5+ Kh8 19.Nf3 Qe8 20.Ng5 Nd4 21.Nf3 Nc6 22.Ng5 Nd4
23.Nf3 Nc6  1/2-1/2

[Event "Bohemians"]
[Site "Prague"]
[Date "1987.??.??"]
[Round "?"]
[White "Schmidt, Wlodzimierz"]
[Black "Zelic, Zdravko"]
[Result "1/2-1/2"]
[WhiteElo "2470"]
[BlackElo "2405"]

1.d4 Nf6 2.c4 e6 3.Nf3 b6 4.g3 Ba6 5.b3 Bb4+ 6.Bd2 Be7 7.Bg2 c6 8.Nc3 d5
9.Rc1 Nbd7 10.Bf4 O-O 11.O-O Rc8 12.Qd3 c5 13.Nb5 Bxb5 14.cxb5 Ne4 15.Ne5 Nxe5
16.dxe5 c4 17.bxc4 Nc5 18.Qb1 dxc4 19.Rxc4 Qc7 20.h4 Rfd8 21.h5 h6 22.Qc1 Qb8
23.Bxh6 Qxe5 24.Rg4 g6 25.hxg6 f5 26.Rc4 Qf6 27.Be3 Qxg6 28.Bd4 Kf7 29.Bf3 Bd6
30.Kg2 e5 31.Rh1 Rh8 32.Bxc5 Bxc5 33.Bb7 Rcd8 34.Rch4 Rxh4 35.Rxh4 Kg7 36.Bc6 a5
37.e3 Rh8 38.Rxh8 Kxh8 39.Qd1 Kg7 40.Bd7 f4 41.exf4 exf4 42.Qd5 fxg3 43.fxg3 Qc2+
44.Kh3 Qh7+ 45.Kg4 Qg6+ 46.Kf3 Qf7+ 47.Qxf7+ Kxf7  1/2-1/2

[Event "Pucarevo zt"]
[Site "Pucarevo"]
[Date "1987.??.??"]
[Round "7"]
[White "Grivas, Efstratios"]
[Black "Popovic, Petar"]
[Result "1/2-1/2"]
[WhiteElo "2375"]
[BlackElo "2540"]

1.d4 Nf6 2.c4 e6 3.Nf3 b6 4.g3 Ba6 5.Nbd2 Bb4 6.a3 Bxd2+ 7.Nxd2 Bb7 8.Nf3 a5
9.b3 d6 10.Bg2 O-O  1/2-1/2

[Event "FRA-ch"]
[Site "Rouen"]
[Date "1987.??.??"]
[Round "7"]
[White "Haik, Aldo"]
[Black "Adrian, Claude"]
[Result "1-0"]
[WhiteElo "2445"]
[BlackElo "2355"]

1.d4 e6 2.c4 Nf6 3.Nf3 b6 4.g3 Ba6 5.b3 b5 6.Bg2 bxc4 7.bxc4 Bxc4 8.Nfd2 Bd5
9.e4 Bb7 10.O-O c5 11.d5 Be7 12.Re1 O-O 13.Nc3 exd5 14.e5 Ne4 15.Nxd5 Bxd5
16.Nxe4 Bxe4 17.Bxe4 Nc6 18.Bb2 Rc8 19.Qd3 g6 20.Rad1 Qb6 21.Bxc6 Rxc6 22.Qc3 Re6
23.Rxd7 c4 24.Rxe7 Rxe7 25.Ba3 Re6 26.Bxf8 Kxf8 27.Qxc4 Qa5 28.Qe2 Ra6 29.Ra1 Qa3
30.Qd2 Kg7 31.Qd4 Ra4 32.Qd8 Ra6 33.Qd2 h5 34.h4 Rb6 35.Re1 Ra6 36.Re2 Qc5
37.Qc2 Qd4 38.Qd2 Qa1+ 39.Kg2 Qb1 40.Qd5 Qf5 41.Re3 Re6 42.Qb7 Rxe5 43.Rxe5 Qxe5
44.Qxa7 g5 45.Qe3 Qd5+ 46.Qf3 Qxa2 47.hxg5 Qc2 48.Qxh5 Qe4+ 49.Qf3 Qc2 50.Qf6+ Kg8
51.Qd4 Qc6+ 52.Kh2 Qc2 53.Kh3 Qf5+ 54.Kh4 Qc2 55.f3 Qh2+ 56.Kg4 Qc2 57.Qe4 Qc8+
58.Kh4 Kh8 59.Qd5 Qc2 60.Kg4 Qc8+ 61.Kf4 Qc2 62.Qe4 Qd2+ 63.Kf5 Qa2 64.Kf6 Qa6+
65.Kxf7 Qa7+ 66.Kf6 Qf7+ 67.Ke5 Qc7+ 68.Kf5  1-0

[Event "ARG-ch"]
[Site "Salta"]
[Date "1987.??.??"]
[Round "?"]
[White "Sorin, Ariel"]
[Black "Tempone, Marcelo"]
[Result "1/2-1/2"]
[WhiteElo "2345"]
[BlackElo "2435"]

1.d4 Nf6 2.c4 e6 3.Nf3 b6 4.g3 Ba6 5.Qa4 c5 6.Bg2 Bb7 7.dxc5 Bxc5 8.O-O O-O
9.Nc3 Qc8 10.Bf4 a6 11.Rac1 Ne4 12.Ng5 Nxc3 13.Rxc3 Bxg2 14.Kxg2 Be7 15.Ne4 f5
16.Bd6 Bxd6 17.Nxd6 Qc7 18.Rd1  1/2-1/2

[Event "ARG-ch"]
[Site "Salta"]
[Date "1987.??.??"]
[Round "2"]
[White "Sorin, Ariel"]
[Black "Servat, Roberto"]
[Result "1/2-1/2"]
[WhiteElo "2345"]
[BlackElo "2285"]

1.d4 Nf6 2.c4 e6 3.Nf3 b6 4.g3 Ba6 5.Qa4 c5 6.Bg2 Bb7 7.O-O cxd4 8.Nxd4 Bxg2
9.Kxg2 Be7 10.Nc3 Qc7 11.Rd1 a6 12.f3 O-O 13.Bf4 Qb7 14.Nc2 Nc6 15.Bd6 Bxd6
16.Rxd6 Rfb8 17.Ne3 Ne8 18.Rd2 b5 19.Qb3 Qa7 20.Ned1 bxc4 21.Qxc4 Rc8 22.Qa4  1/2-1/2

[Event "BUL-ch (Women)"]
[Site "Sofia"]
[Date "1987.??.??"]
[Round "11"]
[White "Genova, Ruzka"]
[Black "Petrova Kalmukova, Marlen"]
[Result "1/2-1/2"]
[WhiteElo "2185"]
[BlackElo "2130"]

1.d4 Nf6 2.Nf3 e6 3.c4 b6 4.g3 Ba6 5.b3 c6 6.Bg2 Bb4+ 7.Bd2 Be7 8.Ne5 d5
9.O-O Nfd7 10.Nxd7 Nxd7 11.Re1 Rc8 12.e4 dxc4 13.Bf1 cxb3 14.axb3 Bxf1 15.Kxf1 a5
16.Qg4 h5 17.Qh3 g5 18.f3 Bf6 19.e5 Bg7 20.Be3 c5 21.Na3 cxd4 22.Bxd4 g4
23.Qg2 Nc5 24.Nb5 O-O 25.Nd6 Nxb3 26.Rad1 Rb8 27.Bb2 Qg5 28.fxg4 Qxg4 29.Kg1 f6
30.h3 Qg6 31.Kh2 Nc5 32.exf6 Bxf6 33.Ba3 Be7 34.Bxc5 bxc5 35.Nc4 Ra8 36.Rd7 Qf6
37.Re4 a4 38.Nb6 Rad8 39.Rxa4 Rfe8 40.Qe2 Rxd7 41.Nxd7 Qg5 42.Rf4 Qg7 43.h4 Bd8
44.Qd1 Qh6 45.Nxc5 Rf8 46.Rxf8+ Qxf8 47.Nxe6 Qf2+ 48.Kh1 Bb6 49.Nf4 Qxg3
50.Qd5+ Kf8 51.Qa8+ Kf7 52.Qb7+ Kg8 53.Qc8+ Kh7 54.Qf5+ Kg8 55.Qe6+ Kf8 56.Qh6+ Kg8
57.Qe6+ Kf8 58.Qc8+ Kg7 59.Qd7+ Kg8 60.Qe8+ Kh7 61.Qxh5+ Kg8 62.Qe8+ Kh7
63.Qf7+ Kh6  1/2-1/2

[Event "Tatran Cup"]
[Site "Stary Smokovec"]
[Date "1987.??.??"]
[Round "?"]
[White "Paunovic, Dragan"]
[Black "Stohl, Igor"]
[Result "1/2-1/2"]
[WhiteElo "2450"]
[BlackElo "2450"]

1.d4 Nf6 2.c4 e6 3.Nf3 b6 4.g3 Ba6 5.Qb3 Nc6 6.Nbd2 Na5 7.Qa4 c5 8.e4 Bb7
9.d5 exd5 10.cxd5 g6 11.Be2 Bg7 12.O-O O-O 13.Rb1 Re8 14.Bd3 d6 15.b4 cxb4
16.Qxb4 Bc8 17.Nb3 Nb7 18.Bf4 a5 19.Qc4 a4 20.Nbd2 Nc5 21.Bc2 Ba6 22.Qb4 Bxf1
23.Kxf1 Qe7 24.Re1 b5  1/2-1/2

[Event "SWE-ch"]
[Site "Stockholm"]
[Date "1987.??.??"]
[Round "?"]
[White "Wessman, Richard"]
[Black "Bator, Robert"]
[Result "1/2-1/2"]
[WhiteElo "2245"]
[BlackElo "2350"]

1.d4 Nf6 2.Nf3 e6 3.c4 b6 4.g3 Ba6 5.Qa4 c6 6.Nc3 Be7 7.Bg2 O-O 8.Bf4 Bb7
9.O-O d5 10.Ne5 Nfd7 11.Rfd1 a6 12.cxd5 cxd5 13.e4 b5 14.Qb3 Nxe5 15.Bxe5 Nc6
16.exd5 Na5 17.Qc2 exd5 18.Qf5 Nc4 19.b3 Nb6 20.Rac1 Rc8 21.Ne2 Ba3 22.Rxc8 Qxc8
23.Qd3 Qc6 24.Rd2 Qg6 25.Qxg6 hxg6 26.Rc2 Rc8 27.Rc7 Rxc7 28.Bxc7 Nc8 29.Nf4 Ne7
30.Nd3 Bc8 31.Kf1 Nc6 32.Bb6 Bf5 33.Ke2 Be4 34.Bxe4 dxe4 35.Ne5 Ne7 36.Bc5 Bxc5
37.dxc5 f6 38.Ng4 Kf7 39.Ne3 Ke6 40.Kd2 b4 41.Nc4 Kd5 42.Ke3 g5 43.Nd6 f5
44.Ne8 Kxc5 45.Nxg7 Kd5 46.h4 gxh4 47.gxh4 Ke5 48.f4+ Kf6 49.Ne8+ Kg6 50.Nc7 a5
51.Kf2 Kh5 52.Kg3 e3 53.Ne6 e2 54.Kf2 Kxh4 55.Kxe2 Kg4 56.Kd3 Nd5 57.Kc4 Nxf4
58.Nd4 Kg5 59.Kb5 Nd3 60.Kxa5  1/2-1/2

[Event "SWE-ch"]
[Site "Stockholm"]
[Date "1987.??.??"]
[Round "?"]
[White "Wessman, Richard"]
[Black "Bergstrom, Christer"]
[Result "1/2-1/2"]
[WhiteElo "2245"]
[BlackElo "2435"]

1.d4 Nf6 2.c4 e6 3.Nf3 b6 4.g3 Ba6 5.Qa4 Bb7 6.Bg2 c5 7.dxc5 bxc5 8.O-O Be7
9.Nc3 O-O 10.Rd1 Qb6 11.Bf4 d6 12.Rd2 Ne4 13.Nxe4 Bxe4 14.Rad1 e5 15.Bg5 f6
16.Be3 Nc6 17.Ne1 Bxg2 18.Nxg2 f5 19.f3 Qc7 20.Bf2 Nd4 21.Ne3 Bg5 22.Nd5 Qb7
23.f4 Bh6 24.Qa3 Rae8 25.Bxd4 exd4 26.Qf3 Re4 27.e3 Qa6 28.b3 dxe3 29.Nxe3 g6
30.Nd5 Bg7 31.Re2 Bd4+ 32.Kh1 Rxe2 33.Qxe2 Rf7 34.Re1 Kg7 35.h4 Qb7 36.h5 Bc3
37.Rc1 Bf6 38.Kh2 a5 39.Re1 Qd7 40.Kg2 Qc6 41.Qe6 Bd8 42.Qe8 Qxe8 43.Rxe8 Rd7
44.hxg6 hxg6 45.g4 Kf7 46.Re3 fxg4 47.Kg3 Bf6 48.Kxg4 Rd8 49.f5 gxf5+ 50.Kxf5 Be5
51.Rh3 Rh8 52.Rf3 Rh2 53.a4 Re2 54.Ne3 Bd4 55.Nd5 Be5 56.Nc7 Ke7 57.Ne6 Kd7
58.Ng5 Rg2 59.Ne4 Bd4 60.Rh3 Rg1 61.Rh7+  1/2-1/2

[Event "SWE-ch"]
[Site "Stockholm"]
[Date "1987.??.??"]
[Round "?"]
[White "Wessman, Richard"]
[Black "Ornstein, Axel"]
[Result "0-1"]
[WhiteElo "2245"]
[BlackElo "2410"]

1.d4 Nf6 2.c4 e6 3.Nf3 b6 4.g3 Ba6 5.Qa4 Bb7 6.Bg2 c5 7.dxc5 Bxc5 8.O-O O-O
9.Nc3 Be7 10.Bf4 Na6 11.Rad1 Nc5 12.Qc2 Qc8 13.Nb5 Nce4 14.Nd6 Nxd6 15.Bxd6 Bxd6
16.Rxd6 Be4 17.Qa4 Qb7 18.Rfd1 Rfc8 19.Ne1 Rc5 20.R1d4 Bxg2 21.Nxg2 b5 22.cxb5 Rxb5
23.b3 a5 24.Ne3 h5 25.Nc4 Nd5 26.Rd3 h4 27.e4 Nf6 28.R6d4 Rb4 29.Nxa5 Rxd4
30.Rxd4 Qa7 31.e5 Nd5 32.Nc4 Qb7 33.Na5 Qc7 34.Rc4 Qxe5 35.Re4 Qa1+ 36.Kg2 Nc3
37.Qd4 h3+ 38.Kxh3 Qf1+ 39.Kh4 Nxe4  0-1

[Event "Stockholm"]
[Site "Stockholm"]
[Date "1987.??.??"]
[Round "?"]
[White "Liljedahl, Lennart"]
[Black "Schneider, Lars Ake"]
[Result "0-1"]
[WhiteElo "2200"]
[BlackElo "2425"]

1.d4 Nf6 2.c4 e6 3.Nf3 b6 4.g3 Ba6 5.b3 Bb4+ 6.Bd2 Be7 7.Bg2 d5 8.cxd5 Nxd5
9.Nc3 Nd7 10.Nxd5 exd5 11.O-O O-O 12.b4 Bc4 13.Bc3 b5 14.Nd2 Nb6 15.Nxc4 Nxc4
16.Qd3 a5 17.Rfb1 axb4 18.Bxb4 Bxb4 19.Rxb4 c6 20.e4 Qd6 21.Rab1 Ra3 22.R4b3 Rxa2
23.exd5 Qf6 24.Qf3 Qxd4 25.dxc6 Nd2 26.Qe3 Nxb3 27.Rxb3 Ra1+ 28.Bf1 Qc4 29.Qd3 Qxd3
30.Rxd3 Rc1 31.Rd5 Rb8 32.c7 Rxc7 33.Bxb5 g6 34.Kg2 Rb6 35.Ba4 Rb2 36.Rd3 Kg7
37.h4 Ra7 38.Rd4 Ra5 39.Bc6 Raa2 40.Rf4 Rd2 41.Be8 f5 42.Bc6 Kf6 43.Rf3 Rab2
44.Rf4 Ke5 45.Rf3 Rb4 46.Be8 Kf6 47.Ra3 Rd6 48.Rc3 Rd8  0-1

[Event "BCF-ch"]
[Site "Swansea"]
[Date "1987.??.??"]
[Round "?"]
[White "Kinsman, Andrew PH"]
[Black "Emms, John M"]
[Result "1/2-1/2"]
[WhiteElo "2295"]
[BlackElo "2325"]

1.Nf3 Nf6 2.c4 b6 3.d4 e6 4.g3 Ba6 5.Nbd2 Bb7 6.Bg2 c5 7.e4 cxd4 8.e5 Ne4
9.O-O Nxd2 10.Bxd2 Bxf3 11.Qxf3 Nc6 12.Qxc6 dxc6 13.Bxc6+ Qd7 14.Bxd7+ Kxd7
15.Rfd1 Kc6 16.Be1 Rd8 17.Rd3 a5 18.f4 f6 19.Bf2 fxe5 20.fxe5 Bc5 21.Kg2 Rhf8
22.Rad1 Rf5 23.Bxd4 Bxd4 24.Rxd4 Rxd4 25.Rxd4 Rxe5 26.Kf2 Kc5 27.Rd7 Kxc4
28.Rxg7 h5 29.Rd7 b5 30.h3 Rf5+ 31.Ke3 Re5+ 32.Kf2 Rf5+ 33.Ke3  1/2-1/2

[Event "URS Army-ch"]
[Site "Tashkent"]
[Date "1987.??.??"]
[Round "?"]
[White "Chekhov, Valery A"]
[Black "Vyzmanavin, Alexey"]
[Result "0-1"]
[WhiteElo "2500"]
[BlackElo "2485"]

1.d4 Nf6 2.c4 e6 3.Nf3 b6 4.g3 Ba6 5.Qb3 Nc6 6.Nbd2 Bb7 7.e4 Na5 8.Qe3 Be7
9.Bd3 O-O 10.O-O d5 11.cxd5 exd5 12.e5 Ne8 13.b4 Bxb4 14.Ng5 g6 15.Ndf3 Nc4
16.Qf4 Qe7 17.Nxh7 Kxh7 18.Qh6+ Kg8 19.Ng5 f6 20.Ne6 Qh7 21.Nxf8 Bxf8 22.Qxh7+ Kxh7
23.f4 f5 24.g4 Ng7 25.gxf5 Nxf5 26.Bxf5 gxf5 27.Rf3 Be7 28.Rh3+ Kg7 29.Kf2 Rh8
30.Rxh8 Kxh8 31.Be3 c5 32.Kf3 Nxe3 33.Kxe3 Kg7 34.Rg1+ Kf7 35.Rg3 cxd4+ 36.Kxd4 Bc5+
37.Kd3 Ba6+ 38.Kd2 Bb4+ 39.Kd1 d4 40.h4 d3 41.h5 Bb5  0-1

[Event "Timisoara"]
[Site "Timisoara"]
[Date "1987.??.??"]
[Round "?"]
[White "Gheorghiu, Florin"]
[Black "Przewoznik, Jan"]
[Result "1-0"]
[WhiteElo "2540"]
[BlackElo "2430"]

1.d4 Nf6 2.c4 e6 3.Nf3 b6 4.g3 Ba6 5.Nbd2 b5 6.cxb5 Bxb5 7.Bg2 d5 8.O-O c5
9.dxc5 Bxc5 10.b4 Bd6 11.a4 Bd7 12.Rb1 Qe7 13.b5 a6 14.e4 dxe4 15.Ng5 Nd5
16.Ndxe4 Bb4 17.Nxf7 O-O 18.Neg5 Rxf7 19.Bxd5  1-0

[Event "Timisoara"]
[Site "Timisoara"]
[Date "1987.??.??"]
[Round "?"]
[White "Foisor, Ovidiu"]
[Black "Suba, Mihai"]
[Result "1/2-1/2"]
[WhiteElo "2495"]
[BlackElo "2560"]

1.d4 Nf6 2.c4 e6 3.Nf3 b6 4.g3 Ba6 5.b3 Bb4+ 6.Bd2 Be7 7.Bg2 d5 8.cxd5 exd5
9.O-O O-O 10.Nc3 Nbd7 11.Ne5 Bb7 12.Bf4 c5 13.dxc5 Nxc5 14.Nf3  1/2-1/2

[Event "Trnava"]
[Site "Trnava"]
[Date "1987.??.??"]
[Round "?"]
[White "Palatnik, Semon"]
[Black "Smagin, Sergey"]
[Result "1/2-1/2"]
[WhiteElo "2445"]
[BlackElo "2505"]

1.d4 Nf6 2.c4 e6 3.Nf3 b6 4.g3 Ba6 5.b3 Bb4+ 6.Bd2 Be7 7.Bg2 c6 8.Nc3 O-O
9.O-O d5 10.cxd5 cxd5 11.Ne5 Nfd7 12.Nxd7  1/2-1/2

[Event "Uzhgorod"]
[Site "Uzhgorod"]
[Date "1987.??.??"]
[Round "?"]
[White "Shneider, Aleksandr"]
[Black "Novikov, Igor A"]
[Result "1/2-1/2"]
[WhiteElo "2470"]
[BlackElo "2480"]

1.d4 Nf6 2.Nf3 e6 3.c4 b6 4.g3 Ba6 5.b3 Bb4+ 6.Bd2 Be7 7.Bg2 c6 8.Bc3 d5
9.Ne5 Nfd7 10.Nxd7 Nxd7 11.Nd2 O-O 12.O-O Rc8 13.e4 c5 14.exd5 exd5 15.dxc5 dxc4
16.Nxc4 Rxc5 17.Bb4 Bxc4 18.Bxc5 Bxf1 19.Bxe7 Qxe7 20.Qxf1 Nf6 21.Re1 Qd7
22.Rd1 Qe7 23.Qd3 g6 24.Qd6 Re8 25.Qxe7 Rxe7 26.Kf1 Kg7 27.Rc1 Ne4 28.Bxe4 Rxe4
29.Rc7 a5 30.Rb7 Rb4 31.Ke2  1/2-1/2

[Event "Uzhgorod"]
[Site "Uzhgorod"]
[Date "1987.??.??"]
[Round "?"]
[White "Epishin, Vladimir"]
[Black "Kruppa, Yuri"]
[Result "1/2-1/2"]
[WhiteElo "2400"]
[BlackElo "2455"]

1.d4 Nf6 2.c4 e6 3.Nf3 b6 4.g3 Ba6 5.Nbd2 Bb7 6.Bg2 Be7 7.O-O O-O 8.Re1 d5
9.b3 Nbd7 10.Bb2 c5 11.cxd5 exd5 12.dxc5 bxc5 13.Nh4 g6 14.e4 d4 15.e5 Nd5
16.Qg4 Qc7 17.Rac1 Rae8 18.Bxd4 h5 19.Qh3 Bg5 20.Nhf3 Bxd2 21.Nxd2 Nb4 22.e6 Nd3
23.exf7+ Kxf7 24.Rxe8 Rxe8 25.Rc3 Re1+ 26.Bf1  1/2-1/2

[Event "Uzhgorod"]
[Site "Uzhgorod"]
[Date "1987.??.??"]
[Round "?"]
[White "Dokhoian, Yury"]
[Black "Shneider, Aleksandr"]
[Result "1/2-1/2"]
[WhiteElo "2530"]
[BlackElo "2470"]

1.d4 Nf6 2.c4 e6 3.Nf3 b6 4.g3 Ba6 5.Qc2 Bb7 6.Nc3 c5 7.e4 cxd4 8.Nxd4 d6
9.Be2 Be7 10.Be3 a6 11.O-O-O Qc7 12.g4 O-O 13.g5 Nfd7 14.f4 Nc6 15.Nxc6 Qxc6
16.Rhg1 Rfe8 17.h4 Rac8 18.Rd4 e5 19.Rd2 exf4 20.Bxf4 Ne5 21.Rd4 Qc7 22.Rgd1 Bf8
23.Kb1 Nc6 24.Rxd6 Bxd6 25.Bxd6 Qd7 26.e5 Qe6 27.Bd3 Nxe5 28.Bxh7+ Kh8 29.Bf5 Qxc4
30.Bxc8 Qxc8 31.Qf2 Nf3 32.Qxb6 Nxh4 33.Ka1 Kg8 34.Be5 Qc6 35.Qb4 Ng6 36.Bd4 Rd8
37.Re1 Qd7 38.Qb3 Bc6 39.Qb6 Bb7 40.Rd1 Qe7 41.Rf1  1/2-1/2